[Event "St Petersburg Summer op"]
[Site "St Petersburg"]
[Date "2016.08.25"]
[Round "9"]
[White "Kuzmichev, Artem"]
[Black "Svidinsky, Dmitry"]
[Result "1/2-1/2"]
[WhiteElo "1917"]
[BlackElo "2122"]
[PlyCount "113"]
[EventDate "2016.08.17"]
[EventType "swiss"]
[EventRounds "9"]
[EventCountry "RUS"]
[SourceTitle "CBM 174 Extra"]
[Source "ChessBase"]
[SourceDate "2016.10.10"]
[SourceVersion "1"]
[SourceVersionDate "2016.10.10"]
[SourceQuality "1"]

1. e4 c6 2. Nf3 d5 3. Nc3 Bg4 4. h3 Bxf3 5. Qxf3 e6 6. d4 dxe4 7. Qxe4 Nf6 8. Qd3 Bd6 9. g3 Nbd7 10. Bg2 Qc7 11. a3 a6 12. 0-0 0-0 13. b4 Rad8 14. Bb2 e5 15. d5 cxd5 16. Nxd5 Nxd5 17. Qxd5 b5 18. Rad1 Nb6 19. Qb7 Nc4 20. Bc1 Qxb7 21. Bxb7 a5 22. c3 Rb8 23. Bd5 Bc7 24. Bxc4 bxc4 25. Rd7 Bb6 26. Be3 Bxe3 27. fxe3 axb4 28. axb4 f6 29. Rfd1 Rbc8 30. Kf2 f5 31. Re7 Rfe8 32. Rxe8+ Rxe8 33. Rd5 Kf7 34. Rc5 Ke6 35. Rxc4 Kd5 36. Rc7 Ke4 37. g4 g6 38. gxf5 gxf5 39. Ke2 Ra8 40. Rc4+ Kd5 41. Rh4 Ra2+ 42. Kd1 e4 43. Rxh7 Kc4 44. Rc7+ Kd3 45. Kc1 Kxe3 46. b5 f4 47. b6 Ra1+ 48. Kc2 Ra2+ 49. Kb3 Ra1 50. b7 Rb1+ 51. Kc2 Rb6 52. c4 f3 53. c5 Rb5 54. c6 Rb6 55. Kd1 Rb1+ 56. Kc2 Rb6 57. Kd1 1/2-1/2

[Event "St Petersburg Summer op"]
[Site "St Petersburg"]
[Date "2016.08.24"]
[Round "8"]
[White "Smirnov, Dmitrii"]
[Black "Kuzmichev, Artem"]
[Result "0-1"]
[WhiteElo "1569"]
[BlackElo "1917"]
[PlyCount "98"]
[EventDate "2016.08.17"]
[EventType "swiss"]
[EventRounds "9"]
[EventCountry "RUS"]
[SourceTitle "CBM 174 Extra"]
[Source "ChessBase"]
[SourceDate "2016.10.10"]
[SourceVersion "1"]
[SourceVersionDate "2016.10.10"]
[SourceQuality "1"]

1. e4 c5 2. Nf3 Nf6 3. Nc3 Nc6 4. d4 d5 5. exd5 Nxd5 6. Bb5 Nxc3 7. Bxc6+ bxc6 8. bxc3 Ba6 9. Ne5 Qd5 10. f3 Rd8 11. Be3 e6 12. Kf2 Be7 13. h4 0-0 14. Qd2 cxd4 15. cxd4 c5 16. c3 cxd4 17. cxd4 f6 18. Nd3 e5 19. Nb4 Bxb4 20. Qxb4 exd4 21. Bf4 Qf5 22. Qd2 Rfe8 23. Rhe1 Qd5 24. Rad1 d3 25. Rc1 Qh5 26. Kg3 h6 27. Be3 Qf7 28. Qa5 Bc4 29. a3 a6 30. a4 Rd7 31. Qb4 Rxe3 32. Rxe3 d2 33. Rd1 Qg6+ 34. Kf2 Qc2 35. Rc3 Qxd1 36. Qxc4+ Kh8 37. Qe4 Rd8 38. Qe7 Rg8 39. Rd3 Qxa4 40. Rxd2 Qxh4+ 41. Ke2 Qh5 42. Kf2 Qb5 43. Rd7 a5 44. Ra7 a4 45. Kg3 f5 46. Kf2 f4 47. Kg1 Qb3 48. Kh2 Qe3 49. Qb4 Qxa7 0-1

[Event "St Petersburg Summer op"]
[Site "St Petersburg"]
[Date "2016.08.19"]
[Round "3"]
[White "Kuzmichev, Artem"]
[Black "Lovkov, Roman"]
[Result "0-1"]
[WhiteElo "1917"]
[BlackElo "2451"]
[PlyCount "80"]
[EventDate "2016.08.17"]
[EventType "swiss"]
[EventRounds "9"]
[EventCountry "RUS"]
[SourceTitle "CBM 174 Extra"]
[Source "ChessBase"]
[SourceDate "2016.10.10"]
[SourceVersion "1"]
[SourceVersionDate "2016.10.10"]
[SourceQuality "1"]

1. e4 c6 2. Nf3 d5 3. Nc3 Bg4 4. h3 Bxf3 5. Qxf3 e6 6. exd5 cxd5 7. d4 Nc6 8. Bb5 Nf6 9. 0-0 Be7 10. Be3 Rc8 11. a3 0-0 12. Bxc6 Rxc6 13. Qe2 a6 14. Rfc1 Qc7 15. Na4 Ne4 16. b4 Nc3 17. Nxc3 Rxc3 18. Bd2 Rxc2 19. Rxc2 Qxc2 20. Rc1 Qa4 21. Rc7 Bf6 22. Rxb7 Bxd4 23. Be3 Bxe3 24. Qxe3 Qc6 25. Rb6 Qc4 26. Qc5 Rc8 27. Qd6 h6 28. Rxa6 e5 29. g3 e4 30. Ra7 e3 31. Re7 exf2+ 32. Kxf2 Qd4+ 33. Re3 Rc2+ 34. Kf3 Qd1+ 35. Kf4 Rf2+ 36. Ke5 Qa1+ 37. Kxd5 Rd2+ 38. Kc5 Qc1+ 39. Kb5 Rxd6 40. Re8+ Kh7 0-1